紅樓夢
| 資料類型: | 圖書 | 書目號: | 27386 |
Leader xxxxxxxxxx 001 __ PCLIS00027386 005 __ 20010904154502.02 010 0_ |a957-7151698|b平裝|d新臺幣110 元 020 __ |acw|b82005151 100 __ |a20010904d2001 0chib0109 e 101 0_ |achi 102 __ |acw 105 __ |aa z 000yy 200 1_ |a紅樓夢|e|f林樹嶺編著|g 205 __ |a初版 210 __ |a臺北市|c啟仁書局|d83年 215 0_ |a224面|c圖, 表|d21公分 225 1_ |a中國文學故事|v13 681 __ |a859.6|b 700 __ |a林|b樹嶺|4編著 801 __ |acw|b本館|c20010904 |